A TEXTBOOK OF PHARMACEUTICAL ORGANIC CHEMISTRY - II (Record no. 5923)

MARC details
000 -LEADER
fixed length control field 00505nam a22001817a 4500
005 - DATE AND TIME OF LATEST TRANSACTION
control field 20240109150131.0
008 - FIXED-LENGTH DATA ELEMENTS--GENERAL INFORMATION
fixed length control field 190603b xxu||||| |||| 00| 0 eng d
020 ## - INTERNATIONAL STANDARD BOOK NUMBER
ISBN 978-93-88194-10-5
041 ## - LANGUAGE CODE
Language code of text/sound track or separate title eng
082 ## - DEWEY DECIMAL CLASSIFICATION NUMBER
Classification number 615.19
100 ## - MAIN ENTRY--AUTHOR NAME
Personal name JAIN ,DR. S.K .,MINIYAR, DR. P.B.,AND NARGUND,DR. L.V.G
245 ## - TITLE STATEMENT
Title A TEXTBOOK OF PHARMACEUTICAL ORGANIC CHEMISTRY - II
250 ## - EDITION STATEMENT
Edition statement 2nd, Ed, 2018
260 ## - PUBLICATION, DISTRIBUTION, ETC. (IMPRINT)
Place of publication PUNE
Name of publisher NIRALI PRAKASHAN
300 ## - PHYSICAL DESCRIPTION
Number of Pages 7.7p,
650 ## - SUBJECT ADDED ENTRY--TOPICAL TERM
Topical Term PHARMACY
General subdivision B.PHARMA
942 ## - ADDED ENTRY ELEMENTS (KOHA)
Koha item type Books
Holdings
Lost status Damaged status Collection code Home library Current library Shelving location Date acquired Source of acquisition Cost, normal purchase price Full call number Accession Number Koha item type
    PHARMACY JRU Library JRU Library SHELF-17-D 03/06/2019 PURCHESS 85.00 615.19 22917 Books
    PHARMACY JRU Library JRU Library SHELF-17-D 03/06/2019 PURCHESS 85.00 615.19 22918 Books
    Reference JRU Library JRU Library SHELF - 10 - A 03/06/2019 PURCHESS 85.00 615.19 22919 Books
    PHARMACY JRU Library JRU Library SHELF-17-D 10/02/2022 PURCHASE 100.00 615.19 26196 Books
    PHARMACY JRU Library JRU Library SHELF-17-D 10/02/2022 PURCHASE 100.00 615.19 26197 Books
    PHARMACY JRU Library JRU Library SHELF-17-D 26/02/2022 PURCHASE 100.00 615.19 26728 Books
    PHARMACY JRU Library JRU Library SHELF-17-D 26/02/2022 PURCHASE 100.00 615.19 26729 Books
    PHARMACY JRU Library JRU Library SHELF-17-D 26/02/2022 PURCHASE 100.00 615.19 26730 Books